Aritmética : (Registro nro. 4390)

Detalles MARC
000 -CABECERA
campo de control de longitud fija 01221nam a2200337 a 4500
003 - IDENTIFICADOR DEL NÚMERO DE CONTROL
campo de control MX-MxUPN
005 - FECHA Y HORA DE LA ÚLTIMA TRANSACCIÓN
campo de control 20250808063908.0
008 - ELEMENTOS DE LONGITUD FIJA--INFORMACIÓN GENERAL
campo de control de longitud fija 991125s1924 mx 000 0 spa u
035 ## - NÚMERO DE CONTROL DEL SISTEMA
Número de control de sistema UPN01000004390
040 ## - FUENTE DE LA CATALOGACIÓN
Centro catalogador/agencia de origen MX-MxUPN
Lengua de catalogación spa
Centro/agencia transcriptor MX-MxUPN
041 ## - CÓDIGO DE IDIOMA
Código de lengua del texto/banda sonora o título independiente spa
050 #4 - SIGNATURA TOPOGRÁFICA DE LA BIBLIOTECA DEL CONGRESO
Número de clasificación LB1589 M6.2
Número de documento/Ítem A74 1924
245 00 - MENCIÓN DE TÍTULO
Título Aritmética :
Resto del título teórico-práctica y nociones de geometría : segundo grado
246 14 - FORMA VARIANTE DE TÍTULO
Título propio/Titulo breve Aritmética :
Resto del título segundo grado y nociones de geometría
250 ## - MENCIÓN DE EDICIÓN
Mención de edición Novena edición
260 ## - PUBLICACIÓN, DISTRIBUCIÓN, ETC.
Lugar de publicación, distribución, etc. México, D.F. :
Nombre del editor, distribuidor, etc. Colección F.T.D.,
Fecha de publicación, distribución, etc. 1924.
300 ## - DESCRIPCIÓN FÍSICA
Extensión 207 página :
Otras características físicas ilustraciones
490 0# - MENCIÓN DE SERIE
Mención de serie Libros escolares F.T.D. Matemáticas
500 ## - NOTA GENERAL
Nota general Es una miscelánea.
505 00 - NOTA DE CONTENIDO CON FORMATO PREESTABLECIDO
Título Nociones de geometría práctica /
Mención de responsabilidad F.T.D.
Información miscelánea (61 páginas)
650 #4 - ASIENTO SECUNDARIO DE MATERIA - TERMINO TEMATICO
Término de materia o nombre geográfico como elemento de entrada Aritmética
Subdivisión general Estudio y enseñanza (Elemental)
9 (RLIN) 5289
650 #4 - ASIENTO SECUNDARIO DE MATERIA - TERMINO TEMATICO
Término de materia o nombre geográfico como elemento de entrada Geometría
Subdivisión general Estudio y enseñanza (Elemental)
9 (RLIN) 4869
650 #4 - ASIENTO SECUNDARIO DE MATERIA - TERMINO TEMATICO
Término de materia o nombre geográfico como elemento de entrada Matemáticas
Subdivisión general Estudio y enseñanza (Elemental)
9 (RLIN) 2809
650 #4 - ASIENTO SECUNDARIO DE MATERIA - TERMINO TEMATICO
Término de materia o nombre geográfico como elemento de entrada Aritmética
9 (RLIN) 44734
Subdivisión de forma Libros de texto
650 #4 - ASIENTO SECUNDARIO DE MATERIA - TERMINO TEMATICO
Término de materia o nombre geográfico como elemento de entrada Geometría
9 (RLIN) 44735
Subdivisión de forma Libros de texto
650 #4 - ASIENTO SECUNDARIO DE MATERIA - TERMINO TEMATICO
Término de materia o nombre geográfico como elemento de entrada Matemáticas
Subdivisión de forma Libros de texto
9 (RLIN) 19875
902 ## - ELEMENTOS DE DATOS B LOCAL, LDB (RLIN)
Modificó MaríaRobles/130524
905 ## - TIPO DE MATERIAL
Tipo de material Libro
942 ## - ELEMENTOS DE PUNTO DE ACCESO ADICIONAL (KOHA)
Fuente del sistema de clasificación o colocación Library of Congress Classification
Tipo de ítem Koha Libro
Suprimir en OPAC No
Existencias
Estado de retiro Estado de pérdida Fuente del sistema de clasificación o colocación Estado dañado No para préstamo Código de colección Localización permanente Ubicación/localización actual Ubicación en estantería Fecha de adquisición Clasificación Código de barras Fecha visto por última vez Precio válido a partir de Tipo de ítem Koha Nota pública
    Library of Congress Classification   Disponible (Préstamo en sala) Libros de texto Bib. Gregorio Torres Quintero Bib. Gregorio Torres Quintero Colecciones especiales Planta alta 18/11/2022 LB1589 M6.2 A74 1924 122115 31/12/2020 18/11/2022 Libro Ejemplar con sello de Sistema de Bibliotecas para la Formación y Actualización de Docentes.